| 000 | 00550nam a2200181Ia 4500 | ||
|---|---|---|---|
| 008 | 210719s2020 xx 000 0 und d | ||
| 020 | _a978-93-5357-799-5 | ||
| 041 | _aeng | ||
| 082 | _a820.33 NASS | ||
| 100 | _aNASREEN (Taslima);Sinha, Arunava | ||
| 245 | _aShameless:a novel Tr by Arunava sinha | ||
| 260 |
_aUttar Pradesh _bHarper & Collins Publishers _c2020 |
||
| 300 |
_a282 _bPB |
||
| 365 |
_b399 _cRs |
||
| 650 | _aIndian English Fiction | ||
| 650 | _aIndian English Fiction | ||
| 906 | _aArunava ; by ; novel ; Shameless:a ; sinha ; Tr | ||
| 999 |
_c211773 _d211773 |
||